Normal view
MARC view
- Richard A. Brealey, Stewart C. myers and Franklin Allen and Pitabas Mohanty
Entry Personal Name
001 - CONTROL NUMBER
- control field: 1985
003 - CONTROL NUMBER IDENTIFIER
- control field: OSt
005 - DATE AND TIME OF LATEST TRANSACTION
- control field: 20180808100754.0
008 - FIXED-LENGTH DATA ELEMENTS
- fixed length control field: 180808|| aca||aabn | a|a d
040 ## - CATALOGING SOURCE
- Original cataloging agency: OSt
100 ## - HEADING--PERSONAL NAME
- Personal name: Richard A. Brealey, Stewart C. myers and Franklin Allen and Pitabas Mohanty
